000
00290nam a22001337a 4500
008
170216b xxu||||| |||| 00| 0 eng d
020
_a
9780803602847
041
_a
eng
080
_2
4TH
_a
615
100
_a
5
101
_a
SHF
245
_a
PHARMACO-THERAPEUTICS
_c
KUHN, M
942
_2
udc
_c
BK
999
_c
5754
_d
5754